ਨੀ ਮੈਂ ਕਿਹਿਨੂ ਆਖਾਂ / (Record no. 109735)

MARC details
000 -LEADER
fixed length control field 00937nam a22002537a 4500
005 - DATE AND TIME OF LATEST TRANSACTION
control field 20170123164142.0
010 ## - LIBRARY OF CONGRESS CONTROL NUMBER
LC control number B-210316
020 ## - INTERNATIONAL STANDARD BOOK NUMBER
International Standard Book Number 8181380444
Terms of availability 150.00
035 ## - SYSTEM CONTROL NUMBER
System control number B-210316
037 ## - SOURCE OF ACQUISITION
Source of stock number/acquisition Cen Lib/Ret
040 ## - CATALOGING SOURCE
Original cataloging agency DPL
Language of cataloging PN
082 ## - DEWEY DECIMAL CLASSIFICATION NUMBER
Classification number 851
Item number ਉਸ਼ਮਾ
100 ## - MAIN ENTRY--PERSONAL NAME
Personal name ਉਸ਼ਮਾ
9 (RLIN) 41420
245 ## - TITLE STATEMENT
Title ਨੀ ਮੈਂ ਕਿਹਿਨੂ ਆਖਾਂ /
Statement of responsibility, etc ਉਸ਼ਮਾ
246 ## - VARYING FORM OF TITLE
Title proper/short title Ni main kihinoo aakhan /
Remainder of title by Ushma
260 ## - PUBLICATION, DISTRIBUTION, ETC. (IMPRINT)
Place of publication, distribution, etc ਦਿੱੱਲੀ
Name of publisher, distributor, etc ਆਮ. ਪੀ ਪ੍ਰਕਾਸ਼ਨ
Date of publication, distribution, etc 2006
270 ## - ADDRESS
Address 12/190 ਗੀਤਾ ਕਾਲੋਨੀ
City ਦਿੱੱਲੀ
Postal code 110031
300 ## - PHYSICAL DESCRIPTION
Extent 120p.
Dimensions 22cm(Hb)
650 ## - SUBJECT ADDED ENTRY--TOPICAL TERM
Topical term or geographic name as entry element ਪੰਜਾਬੀ ਸਾਹਿਤ
9 (RLIN) 116236
650 ## - SUBJECT ADDED ENTRY--TOPICAL TERM
Topical term or geographic name as entry element ਪੰਜਾਬੀ ਸਾਹਿਤ- ਕਵਿਤਾਵਾਂ
9 (RLIN) 780
650 ## - SUBJECT ADDED ENTRY--TOPICAL TERM
Topical term or geographic name as entry element Punjabi Literature
9 (RLIN) 781
650 ## - SUBJECT ADDED ENTRY--TOPICAL TERM
Topical term or geographic name as entry element Punjabi Literature- Poetry
9 (RLIN) 6011
942 ## - ADDED ENTRY ELEMENTS (KOHA)
Source of classification or shelving scheme Dewey Decimal Classification
Koha item type Punjabi Bks
Classification part 851
Call number suffix ਉਸ਼ਮਾ
Holdings
Withdrawn status Lost status Damaged status Not for loan Home library Current library Date acquired Source of acquisition Cost, normal purchase price Total Checkouts Full call number Barcode Date last seen Copy number Cost, replacement price Price effective from Koha item type
        Central Library Central Library 31/12/2015 Cen Lib/Ret 150.00   851 ਉਸ਼ਮਾ B-210316 31/12/2015 1 150.00 31/12/2015 Punjabi Bks

© Delhi Public Library
Hit Counter
free hit counter